| 000 | 01160cam a22003255i 4500 | ||
|---|---|---|---|
| 001 | 18775467 | ||
| 003 | OSt | ||
| 005 | 20230904115019.0 | ||
| 008 | 150909s2016 enk f b 001 0 eng | ||
| 010 | _a 2015951527 | ||
| 020 | _a9780199676828 (paperback) | ||
| 020 | _a9780192858788 | ||
| 040 |
_aDLC _beng _erda _cDLC |
||
| 042 | _apcc | ||
| 050 | 0 | 0 |
_aHB139 _b.D69 2016 |
| 082 |
_a330.015195 _bDOU/I |
||
| 100 | 1 |
_aDougherty, Christopher _eauthor. _99412 |
|
| 245 | 1 | 0 |
_aIntroduction to econometrics / _cChristopher Dougherty. |
| 250 | _aFifth edition. | ||
| 264 | 1 |
_aOxford ; _aNew York, NY : _bOxford University Press, _c[2016] |
|
| 300 |
_axvii, 590 pages ; _c25 cm |
||
| 336 |
_atext _btxt _2rdacontent |
||
| 337 |
_aunmediated _bn _2rdamedia |
||
| 338 |
_avolume _bnc _2rdacarrier |
||
| 504 | _aIncludes bibliographical references (pages 577-580) and index. | ||
| 650 | 0 | _aEconometrics. | |
| 906 |
_a7 _bcbc _corigres _d2 _encip _f20 _gy-gencatlg |
||
| 942 |
_2ddc _cBK _h330.015195 _iDOU/I _k330.015195 _mDOU/I |
||
| 999 |
_c42094 _d42094 |
||